000 00322nam a22001337a 4500
008 250702b |||||||| |||| 00| 0 eng d
020 _a922101007
050 _aHD6972
_bG46
100 _aSEMINER
245 _aConciliation in Industrial Disputes
260 _aSwitzerland
_bILO
_c1973
300 _aviii, 133p.
942 _cBK
999 _c4067
_d4067